Avanç del pla d'actuació sobre residus sòlids urbans
Descripción Física:
314 p. : il., map., taules, gràf. ; 30 cm
Colección:
Documents de medi ambient
MARC
| LEADER | 00000nam a2200000Ia 4500 | ||
|---|---|---|---|
| 001 | 24300 | ||
| 008 | 160829s1993 xx 000 0 cat d | ||
| 080 | |a Bib-223 | ||
| 100 | |a Cucurull, Domènec |9 49433 | ||
| 245 | |a Avanç del pla d'actuació sobre residus sòlids urbans | ||
| 260 | |a [Barcelona] : |b Diputació de Barcelona. Servei del Medi Ambient, |c 1993 | ||
| 300 | |a 314 p. : |b il., map., taules, gràf. ; |c 30 cm | ||
| 490 | |a Documents de medi ambient | ||
| 590 | |a A la portada: Núm. 007; àmbit: recursos naturals | ||
| 650 | |a Residus |x Eliminació |x Barcelona (Província) |9 49434 | ||
| 710 | 1 | |a Barcelona (Catalunya : Província). |b Servei de Medi Ambient |9 53475 | |
| 901 | |a Arxiu | ||
| 942 | |n 1 | ||
| 952 | |0 0 |1 0 |4 0 |6 BIB223 |7 1 |9 55328 |a Arxiu |b Arxiu |d 2016-12-01 |l 0 |o Bib-223 |p 24300 |r 2016-12-01 00:00:00 |w 2016-12-01 |y ARXIU | ||
| 999 | |c 59201 |d 59201 | ||